000 00648cam a22002054a 4500
001 12453625
005 20250226152123.0
008 010627s2002 njua b 001 0 eng
020 _a0130894974 (pbk.)
050 0 0 _aHF5549.5.T7
_bW46 2002
082 0 0 _a658.3/124
_221
100 1 _aWexley, Kenneth N.,
_d1943-
245 1 0 _aDeveloping and training human resources in organizations /
_cKenneth N. Wexley, Gary P. Latham.
250 _a3rd ed.
260 _aUpper Saddle River, N.J. :
_bPrentice Hall,
_cc2002.
300 _axiv, 354 p. :
_bill. ;
_c23 cm.
650 0 _aEmployees
_xTraining of.
700 1 _aLatham, Gary P.
942 _2lcc
_cBK
_n0
999 _c4368
_d4368